|
|
|
|
| LEADER |
00000nam a2200000Ii 4500 |
| 001 |
DIGBUBOK0172 |
| 003 |
NyNyDIG |
| 006 |
m o d |
| 007 |
cr ||||||||||| |
| 008 |
260210s2016 sp o 000 0 spa d |
| 035 |
|
|
|a (OCoLC)1432592243
|
| 040 |
|
|
|a DGITA
|b eng
|e rda
|e pn
|c DGITA
|
| 020 |
|
|
|a 9788468686660
|q digital
|
| 020 |
|
|
|a 9788468687346
|q eBook
|
| 020 |
|
|
|z 9788468686653
|q papel
|
| 050 |
1 |
4 |
|a HF5410 ebook
|
| 100 |
1 |
|
|a Revilla, Neil,
|e author.
|
| 245 |
1 |
0 |
|a Marketing de contenidos :
|b el arte de crear el público para tu producto o servicio /
|c Neil Revilla.
|
| 264 |
|
1 |
|a España :
|b Bubok Publishing,
|c [2016]
|
| 300 |
|
|
|a 1 online resource.
|
| 336 |
|
|
|a text
|b txt
|2 rdacontent
|
| 337 |
|
|
|a computer
|b c
|2 rdamedia
|
| 338 |
|
|
|a online resource
|b cr
|2 rdacarrier
|
| 347 |
|
|
|a text file
|2 rdaft
|
| 347 |
|
|
|b PDF
|
| 347 |
|
|
|b EPUB
|
| 588 |
0 |
|
|a Online resource; title from PDF title page (Digitalia, viewed February 10, 2026)
|
| 650 |
|
0 |
|a Marketing.
|
| 650 |
|
0 |
|a Social networks.
|
| 650 |
|
0 |
|a Advertising.
|
| 650 |
|
0 |
|a Internet (Computer network)
|
| 776 |
0 |
8 |
|i Print version:
|a Revilla, Neil.
|t Marketing de contenidos.
|d España : Bubok Publishing, [2016]
|z 9788468686653
|
| 791 |
2 |
|
|a Digitalia (Firm),
|e distributor.
|
| 793 |
0 |
|
|g Digitalia eBook Collection:
|a Bubok Editorial
|
| 856 |
4 |
0 |
|3 Digitalia Hispánica
|u https://www.digitaliapublishing.com/a/132246/
|
| 910 |
|
|
|a Premium collection: 2026
|